| 000 | 00847nam a22002057a 4500 | ||
|---|---|---|---|
| 003 | AM-YeHGA | ||
| 005 | 20250617153930.0 | ||
| 008 | 180313s xxu||||| |||| 00| 0 rus d | ||
| 040 | _aAM-YeHGA | ||
| 041 | 0 | _arus | |
| 111 | 2 |
_aМеждународный конгресс по коррозии металлов _n(3 : _d1966 ; _cМосква) |
|
| 245 | 1 | 0 |
_aТруды Третьего Международного конгресса по коррозии металлов : _bМосква, 1966 / _cРедкол.: Я.М. Колотыркин (гл. ред.) и др. |
| 260 |
_aМосква : _bМир, _c1968-. |
||
| 300 | _aтом | ||
| 505 | 1 | 0 | _gТ. 1 (1968, 574 с., ил.) |
| 650 | 1 | 4 |
_aКоррозия металлов _vСборники |
| 700 | 1 |
_aКолотыркин, Я.М. _eред. _4edt |
|
| 942 |
_2udc _cBK |
||
| 090 | _c403163 | ||
| 999 |
_c400960 _d400960 |
||